Première addition à la faune malacologique de la Syrie /
Main Author:
Other Authors:
Format: Book
Language: French
Published:
Le Caire :
Imprimerie de l'Institut français d'archéologie orientale,
1929.
Series:
Mémoires de l'Institut d'Égypte ;
12.
MIE ;
12.
Subjects:
Tags: Add Tag
Call Number: DT43 .I625 v.12
| LEADER | 01044nam a2200289M 4500 | ||
|---|---|---|---|
| 001 | 3789 | ||
| 003 | OSt | ||
| 005 | 20260316132930.0 | ||
| 008 | 130303s1929 ua af 000 0 fre d | ||
| 035 | |a ocm27914025 | ||
| 040 | |c ARCE Library | ||
| 043 | |a a-sy--- | ||
| 050 | 4 | |a DT43 .I625 v.12 | |
| 100 | 1 | |a Pallary, Paul, |d 1869-, |e author |9 37251 | |
| 245 | 1 | 0 | |a Première addition à la faune malacologique de la Syrie / |c par Paul Pallary. |
| 264 | 1 | |a Le Caire : |b Imprimerie de l'Institut français d'archéologie orientale, |c 1929. | |
| 300 | |a 43 pages, 3 leaves of plates : |b illustrations ; |c 28 cm. | ||
| 490 | 1 | |a Mémoires de l'Institut d'Égypte ; |v 12. | |
| 490 | 1 | |a MIE ; |v 12. | |
| 500 | |a Supplements "Mollusques terrestres et fluviatiles de Syrie, par Louis Germain." | ||
| 650 | 0 | |a Mollusks |z Syria. | |
| 700 | 1 | |a Germain, Louis, |d 1878-1942. |t Mollusques terrestres et fluviatiles de Syrie. | |
| 830 | 0 | |a Mémoires de l'Institut d'Égypte ; |v 12. | |
| 830 | 0 | |a MIE ; |v 12. | |
| 901 | |a reviewed | ||
| 942 | |c BK |2 lcc | ||
| 999 | |c 3051 |d 3051 | ||
